[Event "56th Rubinstein Memorial D 2020"]
[Site "Polanica Zdroj"]
[Date "2020.08.21"]
[Round "7.13"]
[White "Wolska, Marta"]
[Black "Kaczanowski, Pawel"]
[Result "0-1"]
[WhiteElo "1551"]
[BlackElo "1655"]
[Annotator "NA"]
[PlyCount "50"]
[EventDate "2020.08.15"]
[EventType "swiss"]
[EventCountry "POL"]
[SourceTitle "playchess.com"]
[Source "ChessBase"]
[SourceQuality "1"]
[TimeControl "40/5400+30:1800+30"]

1. d4 {[%emt 0:00:00]} Nf6 {[%emt 0:00:00]} 2. c4 {[%emt 0:00:00]} e6 {[%emt 0:00:00]} 3. Nc3 {[%emt 0:00:17]} Bb4 {[%emt 0:00:00]} 4. Qc2 {[%emt 0:00:24]} O-O {[%emt 0:00:11]} 5. e4 {[%emt 0:01:33]} c5 {[%emt 0:04:45]} 6. d5 {[%emt 0:03:55]} exd5 {[%emt 0:00:49]} 7. cxd5 {[%emt 0:00:06]} d6 8. f3 {[%emt 0:06:38]} Nbd7 {[%emt 0:10:29]} 9. a3 {[%emt 0:00:18]} Ba5 {[%emt 0:02:35]} 10. Bd2 {[%emt 0:03:22]} a6 {[%emt 0:01:37]} 11. Nge2 {[%emt 0:08:10]} Ne5 {[%emt 0:04:25]} 12. Ng3 {[%emt 0:03:19]} b5 {[%emt 0:06:21]} 13. Be2 {[%emt 0:01:31]} c4 {[%emt 0:06:08]} 14. f4 {[%emt 0:03:02]} Ned7 {[%emt 0:04:49]} 15. Nf5 {[%emt 0:08:15]} Nc5 {[%emt 0:06:10]} 16. Nd4 {[%emt 0:06:46]} Bxc3 {[%emt 0:02:34]} 17. Bxc3 {[%emt 0:00:13]} Nfxe4 {[%emt 0:00:38]} 18. O-O {[%emt 0:01:19]} Nxc3 {[%emt 0:03:29]} 19. Qxc3 {[%emt 0:00:33]} Qf6 {[%emt 0:02:19]} 20. Rad1 {[%emt 0:01:59]} Bf5 {[%emt 0:04:07]} 21. g4 {[%emt 0:04:41]} Na4 {[%emt 0:09:30]} 22. Qd2 {[%emt 0:02:24]} Bd3 {[%emt 0:01:20]} 23. Qe3 {[%emt 0:04:14]} Rae8 {[%emt 0:03:36]} 24. Qf2 {[%emt 0:00:25]} Bxe2 {[%emt 0:00:58]} 25. Nxe2 {[%emt 0:00:16]} Qxb2 {[%emt 0:00:11]} 0-1

[Event "56th Rubinstein Memorial D 2020"]
[Site "Polanica Zdroj"]
[Date "2020.08.21"]
[Round "7.14"]
[White "Zyla, Tomasz"]
[Black "Lewandrowski, Tomasz"]
[Result "1-0"]
[WhiteElo "1543"]
[BlackElo "1879"]
[Annotator "NA RC"]
[PlyCount "59"]
[EventDate "2020.08.15"]
[EventType "swiss"]
[EventCountry "POL"]
[SourceTitle "playchess.com"]
[Source "ChessBase"]
[SourceQuality "1"]
[TimeControl "40/5400+30:1800+30"]

{[%evp 8,54,36,0,38,42,39,28,32767,32767,97,77,32767,32767,102,68,116,78,110,54,32767,66,139,32767,114,-19,-10,-20,99,81,32767,194,32767,32767,32767,32767,50,-49,192,32767,32767,32767,32767,249,1402,29978,1806,29965,29997]} 1. d4 {[%emt 0:00:53]} c5 {[%emt 0:00:00]} 2. e3 {[%emt 0:00:08]} cxd4 {[%emt 0:01:16]} 3. exd4 {[%emt 0:00:06]} d5 {[%emt 0:00:11]} 4. Nf3 {[%emt 0:00:11]} Nf6 {[%emt 0:00:20]} 5. c4 {[%emt 0:00:14]} dxc4 {[%emt 0:01:43]} 6. Bxc4 {[%emt 0:00:08]} e6 {[%emt 0:00:10]} 7. Nc3 {[%emt 0:00:17]} Bb4 {[%emt 0:03:02]} 8. O-O {[%emt 0:01:29]} Bxc3 {[%emt 0:00:21]} (8... O-O $11) 9. bxc3 {[%emt 0:00:05]} O-O {[%emt 0:00:21] D26: Queen's Gambit Accepted: 4 e3 e6 5 Bxc5 c5 sidelines.} 10. Ne5 Nbd7 {[%emt 0:06:37] [#]} 11. f4 $146 {[%emt 0:07:44]} ({Predecessor:} 11. Qe2 Nb6 12. Bd3 Na4 13. Ba3 Nxc3 14. Qc2 Qxd4 15. Nf3 Qa4 16. Qxc3 Nd5 17. Qb3 Qxb3 18. axb3 {½-½ (28) Etoru,A-Muluya,S Kampala 2011}) 11... Qc7 {[%emt 0:02:01]} 12. Qd3 {[%emt 0:01:57]} b6 {[%emt 0:01:12]} 13. Bb3 {[%emt 0:14:44]} Bb7 {[%emt 0:00:45]} 14. Ba3 {[%emt 0:01:26]} Rfd8 {[%emt 0:01:02]} ({Black should play} 14... Rfc8) 15. Qh3 {[%emt 0:02:35]} Bd5 {[%emt 0:03:55]} 16. Bc2 {[%emt 0:12:05]} (16. Rae1 $16) 16... Ne4 {[%emt 0:11:05]} 17. Rae1 {[%emt 0:10:18]} Ndf6 {[%emt 0:08:54]} (17... Nxe5 $11 {keeps the balance.} 18. Bxe4 Bxe4 19. fxe5 Bf5) 18. Re3 {[%emt 0:00:54]} Nd2 {[%emt 0:13:22]} 19. Rfe1 {[%emt 0:01:10]} Nc4 {[%emt 0:01:24]} 20. Nxc4 {[%emt 0:01:00]} Bxc4 {[%emt 0:00:10]} 21. Re5 {[%emt 0:09:42]} g6 {[%emt 0:06:56]} 22. R1e3 {[%emt 0:06:56]} ({White should try} 22. f5 $16) 22... Nd7 $2 {[%emt 0:06:01]} (22... Nd5 $15 23. Rf3 Re8) 23. Qh4 {[%emt 0:12:21]} f6 {[%emt 0:06:28]} 24. Rh3 {[%emt 0:06:21]} Nxe5 {[%emt 0:03:08]} 25. fxe5 {[%emt 0:00:49]} f5 $2 {[%emt 0:11:58]} (25... Qf7) 26. Be7 {[%emt 0:00:28]} h5 {[%emt 0:00:09]} 27. Qf6 {[%emt 0:02:33]} Kh7 {[%emt 0:02:00]} 28. Bd1 {[%emt 0:01:43]} Qxe7 {[%emt 0:01:50]} 29. Qxe7+ {[%emt 0:00:19]} Kh6 {[%emt 0:00:01]} 30. Bxh5 {[%emt 0:00:54]} 1-0

[Event "56th Rubinstein Memorial D 2020"]
[Site "Polanica Zdroj"]
[Date "2020.08.21"]
[Round "7.15"]
[White "Ciechonski, Piotr"]
[Black "Ochenduszko, Bartosz"]
[Result "0-1"]
[WhiteElo "1774"]
[BlackElo "1531"]
[Annotator "NA RC"]
[PlyCount "114"]
[EventDate "2020.08.15"]
[EventType "swiss"]
[EventCountry "POL"]
[SourceTitle "playchess.com"]
[Source "ChessBase"]
[SourceQuality "1"]
[TimeControl "40/5400+30:1800+30"]

1. e4 {[%emt 0:01:06]} e6 {[%emt 0:00:00]} 2. Qe2 {[%emt 0:00:24]} c5 {[%emt 0:00:20]} 3. Nf3 {[%emt 0:01:05]} Nc6 {[%emt 0:00:42]} 4. g3 {[%emt 0:00:17]} Be7 {[%emt 0:03:04]} 5. Bg2 {[%emt 0:00:03]} Nf6 {[%emt 0:01:04]} 6. O-O {[%emt 0:01:14]} O-O {[%emt 0:01:14]} 7. d3 {[%emt 0:00:39]} d5 8. e5 Nd7 {[%emt 0:20:06]} 9. c4 {[%emt 0:01:22]} d4 {[%emt 0:01:01]} 10. Re1 {[%emt 0:00:41]} Rb8 {[%emt 0:02:38]} 11. h4 {[%emt 0:00:16]} Re8 {[%emt 0:04:58]} 12. Bf4 {[%emt 0:00:34]} b5 {[%emt 0:07:07]} 13. b3 {[%emt 0:01:28]} bxc4 {[%emt 0:00:26]} 14. dxc4 {[%emt 0:00:18]} Nb4 {[%emt 0:05:10]} 15. Nbd2 {[%emt 0:02:47]} Nc2 {[%emt 0:05:59]} 16. Ne4 {[%emt 0:00:34]} Nxe1 {[%emt 0:01:08]} 17. Rxe1 {[%emt 0:00:03]} Bb7 {[%emt 0:00:42]} 18. Bg5 {[%emt 0:03:00]} Qa5 {[%emt 0:07:57]} 19. Bf4 {[%emt 0:05:59]} Bxe4 {[%emt 0:01:51]} 20. Qxe4 {[%emt 0:00:09]} Qxa2 {[%emt 0:00:25]} 21. h5 {[%emt 0:00:43]} Rxb3 {[%emt 0:02:08]} 22. h6 {[%emt 0:00:22]} g6 {[%emt 0:07:26]} 23. Nd2 {[%emt 0:04:39]} Rb2 {[%emt 0:01:16]} 24. Qd3 {[%emt 0:01:24]} Qa5 {[%emt 0:02:37]} 25. Bc6 {[%emt 0:02:28]} Rd8 {[%emt 0:01:37]} 26. Rd1 {[%emt 0:02:37]} Qb6 {[%emt 0:10:06]} 27. Bxd7 {[%emt 0:00:31]} Rxd7 {[%emt 0:00:05]} 28. Ne4 {[%emt 0:00:02]} Rb7 {[%emt 0:01:23]} 29. Bg5 {[%emt 0:00:30]} Bxg5 {[%emt 0:01:59]} 30. Nxg5 {[%emt 0:00:04]} Rb1 {[%emt 0:00:15]} 31. Kg2 {[%emt 0:01:01]} Rxd1 {[%emt 0:01:45]} 32. Qxd1 {[%emt 0:00:13]} Qd8 {[%emt 0:02:37]} 33. Ne4 {[%emt 0:04:41]} Qf8 {[%emt 0:01:43]} 34. Qa4 {[%emt 0:00:59]} Qxh6 {[%emt 0:03:50]} 35. Nf6+ {[%emt 0:00:34]} Kg7 {[%emt 0:00:40]} 36. Qe8 {[%emt 0:00:02]} Qd2 {[%emt 0:01:27]} 37. Qg8+ {[%emt 0:00:22]} Kh6 {[%emt 0:00:07]} 38. Qxh7+ {[%emt 0:00:14]} Kg5 {[%emt 0:00:28]} 39. Qh4+ {[%emt 0:00:57]} Kf5 {[%emt 0:00:20]} 40. Qg4+ {[%emt 0:00:30]} Kxe5 {[%emt 0:00:00]} 41. Ne4 {[%emt 0:31:26]} f5 {[%emt 0:30:47]} 42. Qxg6 {[%emt 0:01:40]} Kxe4 {[%emt 0:01:11]} 43. Qxe6+ {[%emt 0:03:43]} Kd3 {[%emt 0:00:14]} 44. Qxf5+ {[%emt 0:03:59]} Kxc4 {[%emt 0:00:30]} 45. Qe6+ {[%emt 0:00:13]} Kc3 {[%emt 0:00:23]} 46. Qc6 {[%emt 0:00:55]} Rb3 {[%emt 0:01:36]} 47. Qxc5+ {[%emt 0:00:26]} Kb2 {[%emt 0:00:06]} 48. Qxa7 {[%emt 0:01:08]} Qd3 {[%emt 0:00:34]} 49. Qf7 {[%emt 0:00:56]} Qf3+ {[%emt 0:00:32]} 50. Qxf3 {[%emt 0:00:14]} Rxf3 {[%emt 0:00:02]} 51. Kxf3 {[%emt 0:00:31]} d3 {[%emt 0:00:03]} 52. Kg4 {[%emt 0:04:04]} d2 {[%emt 0:01:44]} 53. f4 {[%emt 0:00:14]} Kc3 {[%emt 0:00:28]} 54. f5 {[%emt 0:01:19]} Kd4 {[%emt 0:00:02]} 55. f6 {[%emt 0:01:38]} Ke5 {[%emt 0:00:02]} 56. f7 {[%emt 0:01:03]} d1=Q+ {[%emt 0:00:03]} 57. Kg5 {[%emt 0:00:16]} Qf3 {[%emt 0:00:17]} 0-1

[Event "56th Rubinstein Memorial D 2020"]
[Site "Polanica Zdroj"]
[Date "2020.08.21"]
[Round "7.16"]
[White "Lisiecki, Robert"]
[Black "Szuber, Dawid"]
[Result "1-0"]
[WhiteElo "1749"]
[BlackElo "1523"]
[Annotator "NA"]
[PlyCount "89"]
[EventDate "2020.08.15"]
[EventType "swiss"]
[EventCountry "POL"]
[SourceTitle "playchess.com"]
[Source "ChessBase"]
[SourceQuality "1"]
[TimeControl "40/5400+30:1800+30"]

1. e4 {[%emt 0:00:00]} c5 {[%emt 0:00:00]} 2. Nf3 {[%emt 0:00:00]} Nc6 {[%emt 0:00:00]} 3. Bb5 {[%emt 0:00:00]} d6 {[%emt 0:00:00]} 4. O-O {[%emt 0:00:00]} Nf6 {[%emt 0:00:05]} 5. Re1 {[%emt 0:00:00]} e5 {[%emt 0:00:23]} 6. h3 {[%emt 0:00:16]} g6 {[%emt 0:01:39]} 7. c3 {[%emt 0:00:09]} Bg7 {[%emt 0:09:27]} 8. Bxc6+ {[%emt 0:04:00]} bxc6 {[%emt 0:00:30]} 9. d3 {[%emt 0:00:30]} O-O {[%emt 0:00:30]} 10. Nbd2 {[%emt 0:00:30]} Qc7 {[%emt 0:00:30]} 11. Nf1 {[%emt 0:00:30]} h6 {[%emt 0:00:30]} 12. Be3 Be6 {[%emt 0:00:30]} 13. Qd2 {[%emt 0:01:00]} Kh7 {[%emt 0:02:43]} 14. Ng3 {[%emt 0:03:51]} Rab8 {[%emt 0:03:00]} 15. Rac1 {[%emt 0:08:53]} Rfd8 {[%emt 0:06:15]} 16. b3 {[%emt 0:02:21]} Rbc8 {[%emt 0:00:31]} 17. d4 {[%emt 0:01:46]} cxd4 {[%emt 0:03:58]} 18. cxd4 {[%emt 0:00:05]} Ne8 {[%emt 0:01:25]} 19. d5 {[%emt 0:01:27]} Bd7 {[%emt 0:00:15]} 20. Qd3 {[%emt 0:03:13]} Qb7 {[%emt 0:01:18]} 21. dxc6 {[%emt 0:03:35]} Bxc6 {[%emt 0:00:29]} 22. Nd2 {[%emt 0:00:08]} d5 {[%emt 0:02:22]} 23. exd5 {[%emt 0:01:27]} Bxd5 {[%emt 0:00:38]} 24. Rxc8 {[%emt 0:05:24]} Rxc8 {[%emt 0:01:04]} 25. f3 {[%emt 0:02:30]} f5 {[%emt 0:07:34]} 26. Bf2 {[%emt 0:02:53]} Nd6 {[%emt 0:11:58]} 27. h4 {[%emt 0:02:34]} h5 {[%emt 0:05:01]} 28. Nde4 {[%emt 0:07:56]} fxe4 {[%emt 0:11:07]} 29. fxe4 {[%emt 0:00:01]} Nxe4 {[%emt 0:00:36]} 30. Nxe4 {[%emt 0:00:06]} Bxe4 {[%emt 0:00:40]} 31. Qxe4 {[%emt 0:00:02]} Qxe4 {[%emt 0:09:20]} 32. Rxe4 {[%emt 0:00:01]} Rc1+ {[%emt 0:00:10]} 33. Kh2 {[%emt 0:00:38]} Rc2 {[%emt 0:01:04]} 34. Bxa7 {[%emt 0:00:42]} Rxa2 {[%emt 0:01:49]} 35. Bb8 {[%emt 0:00:17]} Ra3 {[%emt 0:00:43]} 36. b4 {[%emt 0:01:02]} Rb3 {[%emt 0:00:31]} 37. Bd6 {[%emt 0:00:17]} Kg8 {[%emt 0:02:04]} 38. Rc4 {[%emt 0:00:57]} Kf7 {[%emt 0:05:09]} 39. Rc7+ {[%emt 0:02:35]} Kg8 {[%emt 0:00:39]} 40. Re7 {[%emt 0:03:39]} Kh8 {[%emt 0:01:04]} 41. Re6 {[%emt 0:32:23]} Kh7 {[%emt 0:32:20]} 42. Kg1 {[%emt 0:00:22]} Rb2 {[%emt 0:00:56]} 43. Re7 {[%emt 0:00:22]} Kg8 {[%emt 0:00:38]} 44. Rxg7+ {[%emt 0:00:07]} Kxg7 {[%emt 0:03:32]} 45. Bxe5+ {[%emt 0:00:02]} 1-0

[Event "56th Rubinstein Memorial D 2020"]
[Site "Polanica Zdroj"]
[Date "2020.08.21"]
[Round "7.17"]
[White "Soszka, Szymon"]
[Black "Brzozowski, Pawel"]
[Result "0-1"]
[WhiteElo "1206"]
[BlackElo "1620"]
[Annotator "NA"]
[PlyCount "50"]
[EventDate "2020.08.15"]
[EventType "swiss"]
[EventCountry "POL"]
[SourceTitle "playchess.com"]
[Source "ChessBase"]
[SourceQuality "1"]
[TimeControl "40/5400+30:1800+30"]

1. d4 {[%emt 0:01:26]} d5 {[%emt 0:00:04]} 2. c4 {[%emt 0:00:06]} e6 {[%emt 0:00:03]} 3. Nc3 {[%emt 0:00:06]} Nf6 {[%emt 0:00:04]} 4. cxd5 {[%emt 0:00:06]} exd5 {[%emt 0:00:16]} 5. Bg5 {[%emt 0:00:07]} Be7 {[%emt 0:00:32]} 6. e3 {[%emt 0:00:19]} O-O {[%emt 0:00:39]} 7. Bd3 {[%emt 0:00:06]} b6 {[%emt 0:02:19]} 8. Nge2 {[%emt 0:01:55]} Bb7 {[%emt 0:02:09]} 9. Rc1 {[%emt 0:00:18]} Nbd7 {[%emt 0:00:47]} 10. Bb1 {[%emt 0:00:33]} Re8 11. O-O c5 12. Qc2 {[%emt 0:05:43]} Rc8 {[%emt 0:14:02]} 13. Rfd1 {[%emt 0:00:38]} Nf8 {[%emt 0:06:15]} 14. Qb3 {[%emt 0:09:26]} c4 {[%emt 0:02:03]} 15. Qc2 {[%emt 0:00:52]} a6 {[%emt 0:03:41]} 16. Ng3 {[%emt 0:09:11]} Ng4 {[%emt 0:16:05]} 17. Bxe7 {[%emt 0:02:23]} Qxe7 {[%emt 0:02:00]} 18. b3 {[%emt 0:01:32]} Qh4 {[%emt 0:14:51]} 19. h3 {[%emt 0:02:44]} Nxe3 {[%emt 0:00:28]} 20. Nf5 {[%emt 0:02:40]} Nxf5 {[%emt 0:01:22]} 21. Qxf5 {[%emt 0:00:08]} g6 {[%emt 0:08:55]} 22. Qf3 {[%emt 0:00:37]} cxb3 {[%emt 0:05:03]} 23. axb3 {[%emt 0:01:02]} Re6 {[%emt 0:01:01]} 24. Nxd5 {[%emt 0:03:01]} Rxc1 {[%emt 0:01:12]} 25. Rxc1 {[%emt 0:00:16]} Qg5 {[%emt 0:00:36]} 0-1

[Event "56th Rubinstein Memorial D 2020"]
[Site "Polanica Zdroj"]
[Date "2020.08.21"]
[Round "7.18"]
[White "Garwacki, Kornel"]
[Black "Wilgosz, Jan"]
[Result "1/2-1/2"]
[WhiteElo "1492"]
[BlackElo "1617"]
[Annotator "NA"]
[PlyCount "50"]
[EventDate "2020.08.15"]
[EventType "swiss"]
[EventCountry "POL"]
[SourceTitle "playchess.com"]
[Source "ChessBase"]
[SourceQuality "1"]
[TimeControl "40/5400+30:1800+30"]

1. e4 {[%emt 0:00:00]} e5 {[%emt 0:00:00]} 2. Nf3 {[%emt 0:00:00]} Nc6 {[%emt 0:00:04]} 3. d4 {[%emt 0:00:19]} exd4 {[%emt 0:00:16]} 4. c3 {[%emt 0:00:11]} Nge7 {[%emt 0:01:00]} 5. cxd4 {[%emt 0:04:00]} d5 {[%emt 0:00:27]} 6. e5 {[%emt 0:01:24]} Bg4 {[%emt 0:01:36]} 7. Be3 {[%emt 0:01:49]} Nf5 {[%emt 0:01:15]} 8. Be2 f6 9. exf6 {[%emt 0:08:10]} Qxf6 {[%emt 0:09:11]} 10. Nc3 {[%emt 0:04:47]} Nxe3 {[%emt 0:16:12]} 11. fxe3 {[%emt 0:00:21]} O-O-O {[%emt 0:05:51]} 12. Qc1 {[%emt 0:12:05]} Qh6 {[%emt 0:07:42]} 13. O-O {[%emt 0:03:09]} Be7 {[%emt 0:09:27]} 14. Bb5 {[%emt 0:04:53]} Bd6 {[%emt 0:06:46]} 15. h3 {[%emt 0:03:17]} Bxf3 {[%emt 0:01:56]} 16. Rxf3 {[%emt 0:00:38]} Ne7 {[%emt 0:00:48]} 17. Qf1 {[%emt 0:02:49]} c6 {[%emt 0:02:13]} 18. Bd3 {[%emt 0:00:27]} Ng6 {[%emt 0:02:20]} 19. Qf2 {[%emt 0:07:13]} Nh4 {[%emt 0:09:05]} 20. Rf7 {[%emt 0:01:54]} Rhf8 {[%emt 0:04:10]} 21. Rxf8 {[%emt 0:01:13]} Rxf8 {[%emt 0:00:13]} 22. Qe2 {[%emt 0:05:49]} Qg5 {[%emt 0:07:16]} 23. Qg4+ {[%emt 0:04:48]} Qxg4 {[%emt 0:00:33]} 24. hxg4 {[%emt 0:00:13]} Bg3 {[%emt 0:03:41]} 25. Rf1 {[%emt 0:01:05]} Rxf1+ {[%emt 0:01:24]} 1/2-1/2

[Event "56th Rubinstein Memorial D 2020"]
[Site "Polanica Zdroj"]
[Date "2020.08.21"]
[Round "7.19"]
[White "Grzebieniowski, Michal"]
[Black "Zarzecki, Dymitr Stanislaw"]
[Result "1-0"]
[WhiteElo "1390"]
[BlackElo "1596"]
[Annotator "NA"]
[PlyCount "95"]
[EventDate "2020.08.15"]
[EventType "swiss"]
[EventCountry "POL"]
[SourceTitle "playchess.com"]
[Source "ChessBase"]
[SourceQuality "1"]
[TimeControl "40/5400+30:1800+30"]

1. d4 {[%emt 0:00:00]} Nf6 {[%emt 0:00:00]} 2. c4 {[%emt 0:00:00]} g6 {[%emt 0:00:00]} 3. Nf3 {[%emt 0:00:00]} Bg7 {[%emt 0:00:19]} 4. g3 {[%emt 0:00:47]} d6 {[%emt 0:01:50]} 5. Bg2 {[%emt 0:01:32]} O-O {[%emt 0:03:26]} 6. O-O {[%emt 0:00:37]} Nc6 {[%emt 0:03:18]} 7. b3 e5 {[%emt 0:05:45]} 8. Bb2 {[%emt 0:17:01]} Nh5 {[%emt 0:08:10]} 9. dxe5 {[%emt 0:05:22]} Nxe5 {[%emt 0:07:17]} 10. Nxe5 {[%emt 0:00:15]} dxe5 {[%emt 0:04:38]} 11. Nc3 {[%emt 0:03:22]} c6 {[%emt 0:10:05]} 12. Ba3 {[%emt 0:08:55]} Re8 {[%emt 0:06:31]} 13. Ne4 {[%emt 0:01:31]} Qa5 {[%emt 0:07:06]} 14. Bb2 {[%emt 0:13:40]} Rd8 {[%emt 0:06:27]} 15. Qc2 {[%emt 0:04:04]} f5 {[%emt 0:07:06]} 16. Bc3 {[%emt 0:03:25]} Qc7 {[%emt 0:01:35]} 17. Nd2 {[%emt 0:01:26]} Be6 {[%emt 0:07:39]} 18. e4 {[%emt 0:00:12]} Qd7 {[%emt 0:06:32]} 19. Rad1 {[%emt 0:00:23]} f4 {[%emt 0:03:41]} 20. Nf3 {[%emt 0:00:21]} Qc7 {[%emt 0:00:26]} 21. Qb2 {[%emt 0:02:28]} fxg3 {[%emt 0:05:34]} 22. hxg3 {[%emt 0:00:24]} Rxd1 {[%emt 0:01:33]} 23. Rxd1 {[%emt 0:00:07]} Bg4 {[%emt 0:00:48]} 24. Rd2 {[%emt 0:00:44]} Bxf3 {[%emt 0:01:27]} 25. Bxf3 {[%emt 0:00:02]} Re8 {[%emt 0:00:42]} 26. Qa1 {[%emt 0:01:29]} Nf6 {[%emt 0:00:29]} 27. b4 {[%emt 0:00:28]} b6 {[%emt 0:00:31]} 28. a3 {[%emt 0:00:51]} Bh6 {[%emt 0:00:26]} 29. Rd3 {[%emt 0:00:34]} Bg7 {[%emt 0:00:30]} 30. Qb2 {[%emt 0:00:32]} Bf8 {[%emt 0:00:34]} 31. Bg2 {[%emt 0:00:35]} a6 {[%emt 0:00:29]} 32. f4 {[%emt 0:00:43]} Nd7 {[%emt 0:00:33]} 33. Bh3 {[%emt 0:00:25]} Rd8 {[%emt 0:00:31]} 34. Be6+ {[%emt 0:00:24]} Kg7 {[%emt 0:00:29]} 35. Bxd7 {[%emt 0:00:14]} Kh6 {[%emt 0:00:32]} 36. Qh2+ {[%emt 0:00:25]} Kg7 {[%emt 0:00:16]} 37. Bxe5+ {[%emt 0:00:02]} Qxe5 {[%emt 0:00:33]} 38. fxe5 {[%emt 0:00:13]} Be7 {[%emt 0:00:27]} 39. e6 {[%emt 0:00:14]} a5 {[%emt 0:00:35]} 40. Qb2+ {[%emt 0:00:14]} Kg8 {[%emt 0:00:36]} 41. Qf2 {[%emt 0:30:25]} Rf8 {[%emt 0:30:33]} 42. Rf3 {[%emt 0:00:14]} Rxf3 {[%emt 0:00:25]} 43. Qxf3 {[%emt 0:00:07]} Bd6 {[%emt 0:00:33]} 44. Qf7+ {[%emt 0:00:23]} Kh8 {[%emt 0:00:06]} 45. e5 {[%emt 0:00:12]} c5 {[%emt 0:00:56]} 46. exd6 {[%emt 0:00:14]} h5 {[%emt 0:00:08]} 47. e7 {[%emt 0:00:06]} axb4 {[%emt 0:00:08]} 48. e8=Q# {[%emt 0:00:14]} 1-0

[Event "56th Rubinstein Memorial D 2020"]
[Site "Polanica Zdroj"]
[Date "2020.08.22"]
[Round "8.1"]
[White "Szczygiel, Konrad"]
[Black "Gromczak, Dariusz"]
[Result "1/2-1/2"]
[WhiteElo "1901"]
[BlackElo "1785"]
[Annotator "ChessBase"]
[PlyCount "35"]
[EventDate "2020.08.15"]
[EventType "swiss"]
[EventCountry "POL"]
[SourceTitle "playchess.com"]
[Source "ChessBase"]
[SourceQuality "1"]
[TimeControl "40/5400+30:1800+30"]

1. d4 {[%emt 0:00:17]} g6 {[%emt 0:00:00]} 2. e4 {[%emt 0:00:12]} Bg7 {[%emt 0:00:00]} 3. f4 {[%emt 0:00:38]} e6 {[%emt 0:02:17]} 4. Nf3 {[%emt 0:02:46]} Ne7 {[%emt 0:01:13]} 5. Bc4 {[%emt 0:04:00]} d5 {[%emt 0:02:17]} 6. Bd3 {[%emt 0:01:49]} dxe4 {[%emt 0:02:24]} 7. Bxe4 {[%emt 0:00:09]} c5 {[%emt 0:01:53]} 8. c3 {[%emt 0:04:09]} cxd4 {[%emt 0:00:51]} 9. Nxd4 {[%emt 0:03:07]} Nbc6 {[%emt 0:05:50]} 10. Be3 {[%emt 0:03:46]} Nxd4 {[%emt 0:02:18]} 11. Bxd4 {[%emt 0:01:31]} Bxd4 {[%emt 0:01:37]} 12. Qxd4 {[%emt 0:02:24]} Qxd4 {[%emt 0:00:23]} 13. cxd4 {[%emt 0:00:04]} Bd7 {[%emt 0:06:25]} 14. Nc3 {[%emt 0:02:50]} Bc6 {[%emt 0:01:58]} 15. Bxc6+ Nxc6 16. d5 Nb4 17. O-O-O exd5 18. Nxd5 1/2-1/2

[Event "56th Rubinstein Memorial D 2020"]
[Site "Polanica Zdroj"]
[Date "2020.08.22"]
[Round "8.2"]
[White "Simon, Marek"]
[Black "Szmidt, Przemyslaw"]
[Result "0-1"]
[WhiteElo "1878"]
[BlackElo "1831"]
[Annotator "NA"]
[PlyCount "90"]
[EventDate "2020.08.15"]
[EventType "swiss"]
[EventCountry "POL"]
[SourceTitle "playchess.com"]
[Source "ChessBase"]
[SourceQuality "1"]
[TimeControl "40/5400+30:1800+30"]

{[%evp 8,72,34,32767,32767,32767,32767,32767,32767,32767,32767,32767,27,-40,-11,-8,-12,-14,-15,-5,-11,-9,32767,32767,32767,32767,32767,32767,32767,-9,-2,0,32767,32767,-22,-118,-121,-116,-141,-113,-168,-135,-157,-130,-176,-146,-62,-84,-52,32767,32767,32767,-63,32767,-53,-83,-53,-75,-74,32767,32767,32767,32767,-118,32767,-69,-75]} 1. d4 {[%emt 0:00:00]} Nf6 {[%emt 0:00:00]} 2. c4 {[%emt 0:00:00]} g6 {[%emt 0:00:44]} 3. Nc3 {[%emt 0:00:10]} d5 {[%emt 0:00:53]} 4. cxd5 {[%emt 0:01:13]} Nxd5 {[%emt 0:00:13]} 5. e4 {[%emt 0:00:12]} Nxc3 {[%emt 0:00:06]} 6. bxc3 {[%emt 0:00:07]} c5 {[%emt 0:00:51]} 7. Be3 {[%emt 0:00:42]} Bg7 {[%emt 0:00:17]} 8. Qd2 {[%emt 0:01:36] 8.Rc1 injects fresh life into this line. Played by Magnus Carlsen in August 2020.} Qa5 {[%emt 0:01:47]} 9. Rc1 {[%emt 0:00:47]} O-O {[%emt 0:01:00] D85: Exchange Grünfeld: Unusual White 7th moves and lines with 7 Nf3.} 10. Be2 {[%emt 0:07:05]} cxd4 {[%emt 0:00:53]} 11. cxd4 {[%emt 0:02:15]} Qxd2+ {[%emt 0:00:36]} 12. Kxd2 {[%emt 0:00:33]} Rd8 {[%emt 0:01:18] [#]} 13. Nf3 $146 {[%emt 0:00:56]} ({Predecessor:} 13. Ke1 Nc6 14. d5 Nb4 15. a3 Na2 16. Rc2 Nc3 17. f3 e6 18. dxe6 Bxe6 19. h4 {0-1 (63) Tomin,K (2015)-Cvijic,N (2179) Senta 2006}) 13... Nc6 {[%emt 0:01:16]} 14. Rhd1 {[%emt 0:10:44]} Nxd4 {[%emt 0:04:27]} 15. Nxd4 {[%emt 0:01:57]} Bxd4 {[%emt 0:00:57]} 16. Ke1 {[%emt 0:07:28]} e5 {[%emt 0:01:54]} 17. Rc7 {[%emt 0:15:13]} Be6 {[%emt 0:00:59]} 18. Bxd4 {[%emt 0:01:13]} exd4 {[%emt 0:00:32]} 19. Rxb7 {[%emt 0:00:50]} Bxa2 {[%emt 0:00:16]} 20. Rb2 {[%emt 0:11:47]} Be6 {[%emt 0:00:23]} 21. Rb4 {[%emt 0:01:26] [#]} (21. Ra1 $11 {keeps the balance.}) 21... a5 $1 {[%emt 0:00:11]} 22. Rbxd4 {[%emt 0:02:09]} Rxd4 {[%emt 0:00:12]} 23. Rxd4 {[%emt 0:00:02]} a4 {[%emt 0:00:05]} 24. Bc4 {[%emt 0:00:20]} Bxc4 {[%emt 0:02:57]} 25. Rxc4 {[%emt 0:00:01]} a3 {[%emt 0:00:08]} 26. Rc1 {[%emt 0:00:07]} Ra4 {[%emt 0:00:29]} ({Better is} 26... a2 $17 27. Ra1 Kg7) 27. f3 {[%emt 0:00:35]} Rb4 $2 {[%emt 0:00:29]} (27... Kg7 $19 28. Ra1 a2) 28. Rc8+ {[%emt 0:02:32]} Kg7 {[%emt 0:00:06]} 29. Ra8 {[%emt 0:00:10]} Rb2 {[%emt 0:00:10]} 30. Rxa3 {[%emt 0:02:17]} Rxg2 {[%emt 0:00:10]} 31. h3 {[%emt 0:00:45]} Rg3 {[%emt 0:00:38]} 32. Kf2 {[%emt 0:00:15]} Rxh3 {[%emt 0:00:05]} 33. Kg2 {[%emt 0:02:39]} Rh5 {[%emt 0:00:07]} 34. Kg3 {[%emt 0:01:27]} Rb5 {[%emt 0:00:09]} 35. Re3 {[%emt 0:01:27]} Kf6 {[%emt 0:00:08]} 36. Ra3 {[%emt 0:00:51]} h5 $17 {[%emt 0:00:45]} 37. Kf4 {[%emt 0:04:08]} g5+ {[%emt 0:02:24]} 38. Kg3 {[%emt 0:00:15]} Kg6 {[%emt 0:00:29]} 39. Ra8 {[%emt 0:01:25]} Rb2 {[%emt 0:00:19]} 40. Rg8+ {[%emt 0:00:19]} Kf6 {[%emt 0:00:07]} 41. Rh8 {[%emt 0:33:19]} h4+ {[%emt 0:30:16]} 42. Kg4 {[%emt 0:13:52]} Rg2+ {[%emt 0:00:23]} 43. Kh5 {[%emt 0:00:50]} h3 {[%emt 0:00:17]} 44. f4 {[%emt 0:01:07]} h2 {[%emt 0:00:38]} 45. Rh6+ {[%emt 0:01:11]} Kg7 {[%emt 0:00:13]} 0-1